Statistics for People by Picture - E

Click here to take the quiz!

General Stats

  • This quiz has been taken 600 times
  • The average score is 7 of 15

Answer Stats

Answer% Correct
(Queen) Elizabeth II
99%
Ed Sheeran
93%
Emma Watson
83%
Eleanor Roosevelt
61%
Edgar Allen Poe
59%
Emily Blunt
48%
Enrique Iglesias
46%
Ewan McGregor
46%
Emily Dickinson
41%
Eva Braun
36%
Eva Perón
22%
Ernest Hemingway
17%
Eddy Merckx
16%
Edwin Hubble
13%
Eli Whitney
11%

Score Distribution

Percentile by Number Answered

Percent of People with Each Score

Your Score History

You have not taken this quiz